000 00662nam a2200169 i 4500
001 40931
003 ES-MaACL
005 20251011063101.0
007 t|
008 030307s1899 sp ||||1| spa d
100 1 _aCarreras i Candi, Francesc,
_d1862-1937
_935674
245 1 0 _aHegemonía de Barcelona en Cataluña durante el siglo XV
_b: discurso leído ante la Real Academia de Buenas Letras de Barcelona 14 de Marzo 1898 /
_cFrancesc Carreras i Candi.
260 _aBarcelona :
_b[s.n.,
_c1899] (
_fTepulco ; Roviralto)
710 2 _aReial Acadèmia de Bones Lletres de Barcelona.
_9176228
852 _aES-MaACL
_jT-990-F-9
999 _c40931
_d40931